| 000 | 01015nam0a22002891 4500 | ||
|---|---|---|---|
| 001 | rc\4349096 | ||
| 005 | 20130416135410.4 | ||
| 021 |
_aRU _b[68-14186] |
||
| 035 | _a(NLR Aleph) 008528565 | ||
| 090 |
_a8273391 _c8273391 |
||
| 100 | _a20130416d1968 |||y0rusy50 ca | ||
| 101 | 0 | _arus | |
| 102 | _aRU | ||
| 105 | _aa j ||||| | ||
| 200 | 1 |
_aРусский язык _eУчебник для I-II классов школ с венг. яз. обучения |
|
| 205 | _a7-е изд. | ||
| 210 |
_aКиев _aУжгород _cРад. школа _d1968 |
||
| 215 |
_a255 с. _cил. _d22 |
||
| 300 | _aНа пер. авт. не указаны | ||
| 606 |
_aРусский язык _jУчебники и пособия для нерусских школ _2psbo |
||
| 700 | 1 |
_aГашпар _bМ. М. _gМихаил Михайлович |
|
| 701 | 1 |
_aЖупан _bИ. В. _gИосиф Васильевич |
|
| 801 | 0 |
_aRU _bNLR _gpsbo |
|
| 801 | 1 |
_aRU _bELAR _2rusmarc |
|
| 852 |
_aNLR _j68-5/1424 |
||
| 942 | _cBOOK | ||
| 980 | _aNB | ||